Systems analysis and project management /

Bibliographic Details
Main Author: Cleland, David I.
Other Authors: King, William Richard, 1938-
Format: Book
Language:English
Published: New York : McGraw-Hill, [1975]
Edition:2d ed.
Series:McGraw-Hill series in management.
Subjects:

MARC

Tag First Indicator Second Indicator Subfields
LEADER 00000pam a2200000 i 4500
001 in00000484821
005 20151013051901.0
008 741206s1975 nyua b 00110 eng
010 |a  74031393  
020 |a 0070113106 :  |c $13.50 
035 |a (OCoLC)01144705 
035 |9 ACB3044AM 
040 |a DLC  |c DLC  |d TXA  |d UtOrBLW 
049 |a TXAM  |c [1183353] 
050 0 0 |a HD20.5  |b .C55 1975 
082 0 |a 658.4/032 
100 1 |a Cleland, David I. 
245 1 0 |a Systems analysis and project management /  |c David I. Cleland, William R. King. 
250 |a 2d ed. 
264 1 |a New York :  |b McGraw-Hill,  |c [1975] 
300 |a xviii, 398 pages :  |b illustrations ;  |c 24 cm. 
336 |a text  |b txt  |2 rdacontent 
337 |a unmediated  |b n  |2 rdamedia 
338 |a volume  |b nc  |2 rdacarrier 
490 1 |a McGraw-Hill series in management 
504 |a Includes bibliographies and index. 
650 0 |a System analysis. 
650 0 |a Project management. 
700 1 |a King, William Richard,  |d 1938- 
830 0 |a McGraw-Hill series in management. 
999 |a MARS 
999 f f |s f2430e8d-718c-3549-8c1c-5db44b0197cc  |i ee9a768e-1b0c-327d-a3f7-05e0abec3710  |t 0 
952 f f |p ric  |a Texas A&M University  |b Rellis Campus  |c Joint Library Facility  |d Remote Storage  |t 0  |e HD20.5 .C55 1975  |h Library of Congress classification  |i unmediated -- volume  |m A14802608453 
998 f f |a HD20.5 .C55 1975  |t 0  |l Remote Storage